And the everything unraveled / (Record no. 344211)
[ view plain ]
| 000 -LEADER | |
|---|---|
| fixed length control field | 00489nam a2200205Ia 4500 |
| 008 - FIXED-LENGTH DATA ELEMENTS--GENERAL INFORMATION | |
| fixed length control field | 170918s9999 xx 000 0 und d |
| 020 ## - INTERNATIONAL STANDARD BOOK NUMBER | |
| International Standard Book Number | 9780545087230 |
| 050 ## - LIBRARY OF CONGRESS CALL NUMBER | |
| Item number | S936 2009 |
| 100 ## - MAIN ENTRY--PERSONAL NAME | |
| Personal name | Sturman, Jennifer |
| 245 #4 - TITLE STATEMENT | |
| Title | And the everything unraveled / |
| 245 ## - TITLE STATEMENT | |
| Statement of responsibility, etc | by Jennifer Sturman. |
| 250 ## - EDITION STATEMENT | |
| Edition statement | 1st ed. |
| 260 ## - PUBLICATION, DISTRIBUTION, ETC. (IMPRINT) | |
| Place of publication, distribution, etc | New York : |
| 260 ## - PUBLICATION, DISTRIBUTION, ETC. (IMPRINT) | |
| Name of publisher, distributor, etc | Scholastic, |
| 260 ## - PUBLICATION, DISTRIBUTION, ETC. (IMPRINT) | |
| Date of publication, distribution, etc | 2009 |
| 300 ## - PHYSICAL DESCRIPTION | |
| Extent | 224 pages : |
| 300 ## - PHYSICAL DESCRIPTION | |
| Other physical details | black and white ; |
| 300 ## - PHYSICAL DESCRIPTION | |
| Dimensions | 20cm. |
| 500 ## - GENERAL NOTE | |
| General note | 1010 |
| Withdrawn status | Lost status | Damaged status | Home library | Current library | Date acquired | Total Checkouts | Full call number | Barcode | Date last seen | Price effective from | Koha item type |
|---|---|---|---|---|---|---|---|---|---|---|---|
| Stonyhurst Southville International School (Malarayat) | Stonyhurst Southville International School (Malarayat) | 09/18/2017 | GS FIC S936 2009 | SSISM3283 | 09/18/2017 | 09/18/2017 | Books |